| 000 | 00564nam a2200241 a 4500 | ||
|---|---|---|---|
| 001 | nice12345678 | ||
| 003 | IN_TiNIC | ||
| 005 | 20260116011522.0 | ||
| 008 | 050524s1925 lona grp 000 0 eng | ||
| 020 |
_a _c100 |
||
| 082 | 0 | 0 |
_a909.04927 _bMOT |
| 100 | _aMott, J R | ||
| 245 | _aMoslem World of Today | ||
| 260 |
_aLondon _bHodder & Stoughton _c1925 |
||
| 300 | _a420p | ||
| 500 | _aincludes index and biblioraphy | ||
| 505 | 2 | _aIndex | |
| 650 | _aCivilization-Islamic | ||
| 700 | 1 | _aMott, J R | |
| 902 | _bSRS | ||
| 942 | _cBK | ||
| 999 |
_c2244 _d2244 |
||